000 01397nam a2200325 i 4500
001 000047437
003 DO-SdBNP
005 20251117131700.0
007 ta
008 140212s2018 dr r 000 0 spa d
020 _a9789945585107
040 _aDO-SdBNP
_bspa
_cBNPHU
_erda
041 _aspa
082 _a347.7293
_bR426r, 2017
_222
110 1 _aRepública Dominicana.
_bPoder Judicial
_915992
245 1 0 _aResumen de un año de trabajo 2017 en ocasión de la conmemoración del día del Poder Judicial :
_baudiencia solemne 7 de enero 2018 /
_cCoordinación general e introducción Mariano Germán Mejía.
264 _aSanto Domingo :
_bPoder Judicial,
_c2018.
300 _a227 página ;
_c22 cm.
336 _ardacontent
_btexto
_2txt
337 _ardamedia
_bsin mediación
_2n
338 _ardacarrier
_bvolumen
_2nc
505 0 _aIntroducción --
_tSuprema Corte de Justicia --
_tConsejo del Poder de Justicia --
_tJurisdicción Inmobiliaria --
590 _aInventariado, 2018/VM
650 4 _aPoder judicial
_zRepública Dominicana
_xCorrespondencias, memorias, etc.
_930547
650 4 _aAdministración De Justicia
_zRepública Dominicana
_vCorrespondencias, Memorias, Etc.
_988242
650 4 _aAdministración De Justicia Penal
_zRepública Dominicana
_916873
700 1 _aGermán M., Mariano,
_d1946-
_q(Germán Mejía)
_ecoordinador
_99311
910 _aVM
942 _2ddc
_cLBS1
999 _c46925
_d46925